Teaching pilates for postural faults illness & injury : a practical guide (Record no. 64061)

MARC details
000 -LEADER
fixed length control field 00668nam a22002177a 4500
005 - DATE AND TIME OF LATEST TRANSACTION
control field 20230209074701.0
008 - FIXED-LENGTH DATA ELEMENTS--GENERAL INFORMATION
fixed length control field 230206b |||||||| |||| 00| 0 eng d
020 ## - INTERNATIONAL STANDARD BOOK NUMBER
International Standard Book Number 9780750656474
Qualifying information Paperback
040 ## - CATALOGING SOURCE
Original cataloging agency CBULib
Transcribing agency CBULib
041 ## - LANGUAGE CODE
Language code of text/sound track or separate title eng
050 ## - LIBRARY OF CONGRESS CALL NUMBER
Classification number RA 781.4 Pat
100 ## - MAIN ENTRY--PERSONAL NAME
Personal name Paterson, Jane
245 ## - TITLE STATEMENT
Title Teaching pilates for postural faults illness & injury : a practical guide
Statement of responsibility, etc. by Jane Paterson
260 ## - PUBLICATION, DISTRIBUTION, ETC.
Name of publisher, distributor, etc. Elsevier
Date of publication, distribution, etc. 2009
Place of publication, distribution, etc. Oxford
300 ## - PHYSICAL DESCRIPTION
Extent xv, 266 pages :
Other physical details illustrations
600 ## - SUBJECT ADDED ENTRY--PERSONAL NAME
Personal name PATERSON, JANE
650 ## - SUBJECT ADDED ENTRY--TOPICAL TERM
Source of heading or term OCLC
Topical term or geographic name entry element HEALTH AND FITNESS
650 ## - SUBJECT ADDED ENTRY--TOPICAL TERM
Source of heading or term OCLC
Topical term or geographic name entry element EXERCISE MOVEMENT TECHNIQUES
650 ## - SUBJECT ADDED ENTRY--TOPICAL TERM
Source of heading or term OCLC
Topical term or geographic name entry element PILATES METHODS
942 ## - ADDED ENTRY ELEMENTS (KOHA)
Koha item type MONOGRAPH
999 ## -
-- 64061
-- 64061
Holdings
Withdrawn status Lost status Source of classification or shelving scheme Damaged status Not for loan Collection code Permanent Location Current Location Shelving location Date acquired Source of acquisition Full call number Barcode Date last seen Copy number Price effective from Koha item type
          Main Library Open Access Collection CBU-MAIN LIBRARY, KITWE. CBU-MAIN LIBRARY, KITWE. General Stacks 02/06/2023 DON-BOOKAID RA 781.4 Pat 751853 02/06/2023 1 02/06/2023 MONOGRAPH